Handbook of plant and crop physiology

Gespeichert in:
Bibliographische Detailangaben
1. Verfasser: Pessarakli, Mohammad
Format: Buch
Sprache:Englisch
Veröffentlicht: New York, USA Marcel Dekker 2002
Ausgabe:Segunda edición
Schriftenreihe:Books in Soils, Plants, and the Environment
Schlagworte:
Tags: Tag hinzufügen
Keine Tags, Fügen Sie den ersten Tag hinzu!

MARC

LEADER 00000nam a2200000 a 4500
001 UCK1898
003 CL-VaPUC
005 20241021115939.0
008 041210e20020000US |||||||||||||||||eng|d
999 |c 311669  |d 311667 
020 |a 0824705467 
040 |c Pontificia Universidad Católica de Valparaíso 
082 0 4 |a 575 PES 2002  |2 21 
100 0 |a Pessarakli, Mohammad  |9 489781 
245 1 0 |a Handbook of plant and crop physiology 
250 |a Segunda edición 
260 0 3 |a New York, USA  |b Marcel Dekker  |c 2002 
300 |a 973 páginas 
490 0 |a Books in Soils, Plants, and the Environment 
583 |a last modification  |c 20041210 00:00:00  |k Rodrigo Vera 
650 0 |a Botánica  |9 264202 
650 0 |a Fisiología vegetal  |9 260158 
650 0 |a Semillas   |9 264396 
650 0 |a Crecimiento de las plantas  |9 334405 
942 |c BK  |2 ddc 
945 |d 20041210 00:00:00  |a cmena 
952 |0 0  |1 0  |2 ddc  |4 0  |6 575_000000000000000_PES_2002  |7 0  |8 A  |9 381213  |a BIBAGR  |b BIBAGR  |d 2019-11-21  |i 4085310  |o 575 PES 2002  |p 4085310  |r 2025-01-20  |t 1  |w 2019-11-21  |y BK  |k AGR